[Event "14. Lichtenberger Sommer"]
[Site "14. Lichtenberger Sommer"]
[Date "2015.08.20"]
[Round "6.90"]
[White "Tschirschwitz, Stephan"]
[Black "Rehmsmeier, Marc"]
[Result "0-1"]
[WhiteElo "1551"]
[BlackElo "1649"]
[PlyCount "144"]
[EventDate "2015.??.??"]
[WhiteTeam "Lasker Steglitz-Wilmersdorf"]
[BlackTeam "vereinslos"]

1. d4 f5 2. Nf3 Nf6 3. c4 d5 4. Ne5 e6 5. Bg5 Be7 6. e3 O-O 7. Nc3 c6 8. f3
Nbd7 9. Bd3 Qc7 10. cxd5 cxd5 11. O-O a6 12. Rc1 Qd8 13. Ne2 h6 14. Bh4 g5 15.
Be1 Kg7 16. Bd2 Nb8 17. Qb3 Bd6 18. Bb4 h5 19. Bxd6 Qxd6 20. g3 Nc6 21. Nxc6
bxc6 22. Qc3 Bd7 23. Kg2 g4 24. Nf4 Rh8 25. Qc5 Qxc5 26. dxc5 h4 27. Ne2 a5 28.
f4 Rh6 29. Rh1 Rah8 30. Nd4 Kf7 31. b3 Rb8 32. Ne2 Bc8 33. Nc3 Bb7 34. Na4 Nd7
35. Be2 Kf6 36. Bd3 Ra8 37. Rcf1 Ba6 38. Bxa6 Rxa6 39. Rc1 Ra7 40. Nb6 Rb7 41.
Nxd7+ Rxd7 42. Rhd1 Rb7 43. Rh1 e5 44. Rhd1 Rbh7 45. Rh1 hxg3 46. hxg3 Rxh1 47.
Rxh1 Rxh1 48. Kxh1 d4 49. exd4 exd4 50. Kg1 Ke6 51. Kf2 Kd5 52. Ke2 Kxc5 53.
Kd3 Kd5 54. a3 c5 55. a4 c4+ 56. bxc4+ Kc5 57. Kc2 Kxc4 58. Kd2 d3 59. Kd1 Kd4
60. Kd2 Ke4 61. Kd1 Kf3 62. Kd2 Kxg3 63. Ke3 Kg2 64. Kxd3 Kf2 65. Kd4 g3 66.
Ke5 g2 67. Kxf5 g1=Q 68. Kf6 Qa1+ 69. Kg6 Qxa4 70. f5 Qe8+ 71. Kg7 Qe7+ 72. Kg6
a4 0-1

[Event "14. Lichtenberger Sommer"]
[Site "14. Lichtenberger Sommer"]
[Date "2015.08.20"]
[Round "6.91"]
[White "Winkler, Johannes"]
[Black "Schilly, Hans-Joachim"]
[Result "0-1"]
[WhiteElo "1540"]
[BlackElo "1839"]
[PlyCount "110"]
[EventDate "2015.??.??"]
[WhiteTeam "SF 1903 Berlin"]
[BlackTeam "SF Siemensstadt"]

1. d4 d5 2. Bf4 Nf6 3. Nf3 c6 4. Nbd2 e6 5. e3 Bd6 6. Bxd6 Qxd6 7. Bd3 Nbd7 8.
c4 O-O 9. Qc2 h6 10. O-O e5 11. cxd5 Nxd5 12. Nc4 Qe7 13. Ncxe5 Nxe5 14. Nxe5
Nb4 15. Qc3 Nxd3 16. Qxd3 c5 17. Rad1 cxd4 18. Qxd4 Be6 19. Nf3 b6 20. Qa4 a6
21. Nd4 Bg4 22. Rc1 Qg5 23. Qc6 Qa5 24. Rc3 Rac8 25. Qe4 Rxc3 26. bxc3 Qxc3 27.
Rb1 Bh5 28. Qc6 Qa5 29. Qxb6 Qxa2 30. h3 Bg6 31. Rb2 Qa1+ 32. Kh2 a5 33. Qb3 a4
34. Qa2 Qxa2 35. Rxa2 Ra8 36. Ra3 Kf8 37. Kg3 Ke7 38. Kf3 Kd6 39. Rc3 Kd5 40.
Ke2 Ra6 41. Kd2 Rb6 42. Ra3 Rb2+ 43. Ke1 Rb4 44. Kd2 Rb2+ 45. Ke1 Rb1+ 46. Kd2
Rf1 47. Ke2 Rg1 48. g3 Rh1 49. Rxa4 Rxh3 50. Kf1 Rh1+ 51. Kg2 Rb1 52. Ra5+ Kd6
53. Ra6+ Kc7 54. Ra5 Be4+ 55. Kh2 Rh1# 0-1

[Event "14. Lichtenberger Sommer"]
[Site "14. Lichtenberger Sommer"]
[Date "2015.08.20"]
[Round "6.92"]
[White "Bernstein, Jeremy"]
[Black "Kretzschmar, Jan"]
[Result "0-1"]
[WhiteElo "1552"]
[BlackElo "1830"]
[PlyCount "26"]
[EventDate "2015.??.??"]
[WhiteTeam "SC Kreuzberg"]
[BlackTeam "SC Kreuzberg"]

1. d4 Nf6 2. c4 e6 3. Nc3 Bb4 4. f3 d5 5. a3 Bxc3+ 6. bxc3 O-O 7. cxd5 exd5 8.
Qd3 h6 9. e4 dxe4 10. Qc2 Re8 11. Be2 Bf5 12. g4 Bg6 13. f4 Nxg4 0-1

[Event "14. Lichtenberger Sommer"]
[Site "14. Lichtenberger Sommer"]
[Date "2015.08.20"]
[Round "6.93"]
[White "Lischeid, Kilian"]
[Black "Koerber, Bernhard"]
[Result "1-0"]
[WhiteElo "1652"]
[BlackElo "1603"]
[PlyCount "43"]
[EventDate "2015.??.??"]
[WhiteTeam "Schachunion Berlin"]
[BlackTeam "Lasker Steglitz-Wilmersdorf"]

1. c4 Nf6 2. d4 g6 3. Nf3 c5 4. d5 d6 5. Nc3 Bg7 6. e4 O-O 7. Bd3 e6 8. O-O
exd5 9. exd5 Re8 10. Bf4 a6 11. h3 Qc7 12. Re1 Rxe1+ 13. Qxe1 Qd8 14. Qe2 Qf8
15. Re1 Nbd7 16. Ng5 Nb6 17. Nge4 Ne8 18. Nxc5 dxc5 19. Qxe8 Qxe8 20. Rxe8+ Bf8
21. Bc7 Bd7 22. Rxf8+ 1-0

[Event "14. Lichtenberger Sommer"]
[Site "14. Lichtenberger Sommer"]
[Date "2015.08.20"]
[Round "6.94"]
[White "Eichstädt, Torsten"]
[Black "Jansen, Robert"]
[Result "0-1"]
[WhiteElo "1302"]
[BlackElo "1757"]
[PlyCount "46"]
[EventDate "2015.??.??"]
[WhiteTeam "SC Friesen Lichtenberg"]
[BlackTeam "SC Kreuzberg"]

1. e4 e5 2. Nf3 Nc6 3. d4 exd4 4. Nxd4 Bc5 5. Nxc6 Qf6 6. Qe2 Qxc6 7. g3 Ne7 8.
Bg2 O-O 9. O-O Qg6 10. Qc4 d6 11. b4 Bb6 12. Bb2 Nc6 13. Nd2 Be6 14. Qc3 a5 15.
b5 Ne5 16. a4 Rac8 17. Nf3 Nxf3+ 18. Bxf3 c6 19. Bh5 Qh6 20. Qf3 g5 21. Rab1
cxb5 22. axb5 f6 23. g4 Bc5 0-1

[Event "14. Lichtenberger Sommer"]
[Site "14. Lichtenberger Sommer"]
[Date "2015.08.20"]
[Round "6.95"]
[White "Straßburg, Robin"]
[Black "Gunkel, Wolfgang"]
[Result "0-1"]
[WhiteElo "1105"]
[BlackElo "1647"]
[PlyCount "92"]
[EventDate "2015.??.??"]
[WhiteTeam "SC Eintracht Berlin e.V."]
[BlackTeam "SK International Berlin"]

1. d4 d5 2. Nf3 Nf6 3. e3 Bg4 4. Bd3 Nc6 5. c3 e5 6. dxe5 Nxe5 7. Be2 Bxf3 8.
Bxf3 c6 9. Nd2 Qc7 10. Be2 O-O-O 11. Nf3 Bd6 12. Nxe5 Bxe5 13. Bd2 Kb8 14. Qb3
Ne4 15. Bd3 Nxd2 16. Kxd2 c5 17. Qc2 d4 18. cxd4 cxd4 19. Qxc7+ Kxc7 20. Kc2
dxe3 21. fxe3 Bxb2 22. Kxb2 Rxd3 23. Rac1+ Kb8 24. Rhf1 f6 25. Rfe1 Rd2+ 26.
Rc2 Rhd8 27. Rec1 Rxc2+ 28. Rxc2 Re8 29. Rc3 b6 30. a4 a6 31. Rb3 Kb7 32. Rd3
Re7 33. Kc3 Rc7+ 34. Kb4 a5+ 35. Kb3 h5 36. Rc3 Re7 37. Rd3 g6 38. h3 f5 39.
Kc3 Kc6 40. Kd2 Re4 41. Rd4 Rxd4+ 42. exd4 b5 43. axb5+ Kxb5 44. Kc3 Kc6 45.
Kc4 g5 46. d5+ Kd6 0-1

[Event "14. Lichtenberger Sommer"]
[Site "14. Lichtenberger Sommer"]
[Date "2015.08.20"]
[Round "6.96"]
[White "Wilke, Hans-Peter"]
[Black "Kohlmeyer, Dagobert"]
[Result "0-1"]
[WhiteElo "1655"]
[BlackElo "1867"]
[PlyCount "140"]
[EventDate "2015.??.??"]
[WhiteTeam "Läufer Reinickendorf"]
[BlackTeam "SC Rochade (Berlin)"]

1. b4 e5 2. Bb2 Bxb4 3. Bxe5 Nf6 4. e3 O-O 5. Nf3 c5 6. c4 Nc6 7. Bb2 d5 8.
cxd5 Nxd5 9. Be2 Bf5 10. O-O Nf6 11. d4 cxd4 12. Nxd4 Nxd4 13. Bxd4 b6 14. Nd2
Rc8 15. Rc1 Qe7 16. Nf3 Rxc1 17. Qxc1 Rc8 18. Qa1 h6 19. Rc1 Rxc1+ 20. Qxc1 Qe4
21. Nd2 Bxd2 22. Qxd2 Qb1+ 23. Bf1 Bc2 24. Bxf6 gxf6 25. Qd8+ Kg7 26. Qd5 a6
27. h3 b5 28. a3 Qd1 29. Qxd1 Bxd1 30. Bd3 Kf8 31. g3 Ke7 32. Kf1 Bf3 33. Ke1
Kd6 34. Kd2 Bg2 35. h4 Kc5 36. Kc3 Bd5 37. Bf5 a5 38. Bd3 Bf3 39. Bc2 Be2 40.
Kd2 Bc4 41. Kc3 Be6 42. f3 Bc4 43. f4 b4+ 44. axb4+ axb4+ 45. Kb2 Kd5 46. Bf5
Kc5 47. Be4 Kd6 48. Kc2 Ke6 49. Kb2 f5 50. Bf3 Bd5 51. Be2 Kd6 52. Bd1 Kc5 53.
Bh5 f6 54. Be2 Bc4 55. Bf3 Bd5 56. Be2 Bg2 57. Bd3 Bh3 58. Kb3 Bg4 59. Kc2 Kd5
60. Kd2 Bh3 61. Bc2 Kc4 62. Bd3+ Kb3 63. e4 fxe4 64. Bxe4 Kc4 65. Bd3+ Kd4 66.
Bc2 Bg2 67. Ba4 Bd5 68. Bc2 b3 69. Bd1 b2 70. Kc2 Bb3+ 0-1

[Event "14. Lichtenberger Sommer"]
[Site "14. Lichtenberger Sommer"]
[Date "2015.08.20"]
[Round "6.97"]
[White "Wolff, Marie Antoinette"]
[Black "Hömke, Holger"]
[Result "1-0"]
[WhiteElo "1643"]
[BlackElo "1568"]
[PlyCount "79"]
[EventDate "2015.??.??"]
[WhiteTeam "Leegebrucher SF"]
[BlackTeam "SK Zehlendorf"]

1. c4 Nf6 2. Nc3 c5 3. Nf3 Nc6 4. g3 g6 5. Bg2 Bg7 6. O-O O-O 7. a3 e6 8. Rb1
d5 9. b3 Bd7 10. Bb2 d4 11. Na2 Qc7 12. b4 b6 13. Qc2 Rad8 14. e3 e5 15. d3
dxe3 16. fxe3 Ng4 17. Qe2 Bf5 18. Rbd1 Rfe8 19. Nh4 Be6 20. Bd5 Nf6 21. b5 Na5
22. e4 Nb3 23. Nf3 Nd4 24. Nxd4 exd4 25. Bxe6 Rxe6 26. Bc1 h6 27. Rd2 Re5 28.
Qd1 Re7 29. Rdf2 Nxe4 30. dxe4 d3 31. Qf3 Bd4 32. Be3 Qe5 33. Bxd4 Qxd4 34. Rd1
Qxc4 35. Qf6 Qxe4 36. Rfd2 Qe3+ 37. Qf2 c4 38. Nb4 Qxf2+ 39. Kxf2 Rd5 40. Nxd5
1-0

[Event "14. Lichtenberger Sommer"]
[Site "14. Lichtenberger Sommer"]
[Date "2015.08.20"]
[Round "6.98"]
[White "Pathasart, Somchay"]
[Black "Schmidt, Rico"]
[Result "0-1"]
[WhiteElo "1375"]
[BlackElo "1828"]
[PlyCount "72"]
[EventDate "2015.??.??"]
[WhiteTeam "vereinslos"]
[BlackTeam "SG Weißensee 49"]

1. d4 Nf6 2. c4 c5 3. d5 e5 4. Nc3 d6 5. e4 Be7 6. Nf3 Nbd7 7. Bd3 Nf8 8. O-O
Ng6 9. h3 O-O 10. a3 h6 11. Bd2 Nh7 12. b4 Bg5 13. Nxg5 Nxg5 14. Ne2 f5 15.
exf5 Bxf5 16. Bxf5 Rxf5 17. bxc5 dxc5 18. f4 exf4 19. Nxf4 Qd6 20. Nxg6 Qxg6
21. Bxg5 Rxg5 22. Qd2 Qe4 23. Rf4 Rxg2+ 24. Qxg2 Qxf4 25. Rf1 Qxc4 26. d6 Qd4+
27. Qf2 Qxf2+ 28. Rxf2 Rd8 29. Rc2 b6 30. Rd2 Kf7 31. Kg2 Ke6 32. Re2+ Kxd6 33.
Kf3 Rf8+ 34. Kg4 c4 35. Kg3 b5 36. Re3 a5 0-1

[Event "14. Lichtenberger Sommer"]
[Site "14. Lichtenberger Sommer"]
[Date "2015.08.20"]
[Round "6.99"]
[White "Nguyen Duc, Quang Nhat"]
[Black "Zesewitz, Maik"]
[Result "0-1"]
[WhiteElo "1604"]
[BlackElo "1652"]
[PlyCount "54"]
[EventDate "2015.??.??"]
[WhiteTeam "SC Friesen Lichtenberg"]
[BlackTeam "SF Friedrichshagen"]

1. e4 e5 2. Nf3 Nf6 3. Nxe5 d6 4. Nf3 Nxe4 5. d3 Nf6 6. d4 d5 7. Bd3 Bg4 8. O-O
Nc6 9. c3 Be7 10. Bf4 Ne4 11. Nbd2 g5 12. Nxe4 dxe4 13. Bxg5 Bxf3 14. Bxe7 Nxe7
15. Be2 Bxe2 16. Qxe2 Qd5 17. Rfe1 f5 18. f3 O-O-O 19. fxe4 fxe4 20. Qg4+ Qf5
21. Qe2 Ng6 22. Rf1 Qd5 23. Qg4+ Kb8 24. Qg3 Rhf8 25. Rfd1 Nf4 26. Kh1 e3 27.
c4 Qe4 0-1

[Event "14. Lichtenberger Sommer"]
[Site "14. Lichtenberger Sommer"]
[Date "2015.08.20"]
[Round "6.100"]
[White "Stoffel, Patrick"]
[Black "Steiner, Dominik"]
[Result "1/2-1/2"]
[WhiteElo "1310"]
[BlackElo "1622"]
[PlyCount "133"]
[EventDate "2015.??.??"]
[WhiteTeam "vereinslos"]
[BlackTeam "SR Heuberg-Gosheim"]

1. e4 c5 2. Nf3 Nc6 3. d4 cxd4 4. Nxd4 e6 5. Nc3 a6 6. Be2 Nf6 7. a3 Be7 8. Be3
O-O 9. Qd2 d6 10. O-O-O Qc7 11. h4 Na5 12. h5 e5 13. Nb3 Nxb3+ 14. cxb3 Nxe4
15. Qe1 Be6 16. Kc2 d5 17. f3 Nf6 18. Qg3 Rfc8 19. Bh6 g6 20. hxg6 fxg6 21. Bd3
e4 22. Qxc7 exd3+ 23. Kxd3 Rxc7 24. Bf4 Rd7 25. Be5 Bf5+ 26. Kd2 Rad8 27. Bd4
Nh5 28. g4 Bg5+ 29. Ke1 Bc2 30. gxh5 Re8+ 31. Kf2 Bxd1 32. Nxd1 gxh5 33. Rxh5
h6 34. Rh1 Rde7 35. Nc3 Bf4 36. Rh4 Bg5 37. Rg4 Rd7 38. f4 Rf8 39. Kg3 Rxf4 40.
Rxf4 Bxf4+ 41. Kxf4 Kf7 42. Ke5 h5 43. Nxd5 h4 44. Nf4 Re7+ 45. Kf5 Re1 46. Kg4
Ke8 47. Bf6 Re3 48. b4 Kd7 49. Bxh4 Rb3 50. Bf6 Re3 51. Kf5 Kc6 52. Be5 Kb5 53.
Ke6 a5 54. bxa5 Kxa5 55. Nd5 Re2 56. Kd6 Rg2 57. Kc5 Rg6 58. Bc3+ Ka4 59. Nb6+
Kb3 60. Nd5 Rc6+ 61. Kd4 Rc4+ 62. Ke5 Rc5 63. Bd4 Rc4 64. Nb6 Rc6 65. Kd5 Rc7
66. Be5 Rc6 67. Nd7 1/2-1/2

[Event "14. Lichtenberger Sommer"]
[Site "14. Lichtenberger Sommer"]
[Date "2015.08.20"]
[Round "6.101"]
[White "Bollenbach, Horst"]
[Black "Jiranek, Benno"]
[Result "1-0"]
[WhiteElo "1736"]
[BlackElo "1454"]
[PlyCount "59"]
[EventDate "2015.??.??"]
[WhiteTeam "SC Friesen Lichtenberg"]
[BlackTeam "SC Kreuzberg"]

1. c4 Nf6 2. Nc3 d6 3. g3 g6 4. Bg2 Bg7 5. e3 e5 6. Nge2 Nbd7 7. O-O O-O 8. d4
Re8 9. b4 c6 10. Qb3 e4 11. Bb2 c5 12. Nb5 Qb6 13. dxc5 dxc5 14. bxc5 Nxc5 15.
Qc2 Nfd7 16. Bxg7 Kxg7 17. Nf4 Nf6 18. Rfd1 Nd3 19. Nxd3 exd3 20. Qxd3 Bf5 21.
Qc3 Rad8 22. Rxd8 Rxd8 23. Nd4 Bc8 24. c5 Qc7 25. Nb5 Qd7 26. Nd4 Kg8 27. Qa5
Nd5 28. Qxa7 Qe7 29. Re1 Nb4 30. c6 1-0

[Event "14. Lichtenberger Sommer"]
[Site "14. Lichtenberger Sommer"]
[Date "2015.08.20"]
[Round "6.102"]
[White "Wahner, Eberhard"]
[Black "Schröder, Wolfgang"]
[Result "0-1"]
[WhiteElo "1350"]
[BlackElo "1722"]
[PlyCount "74"]
[EventDate "2015.??.??"]
[WhiteTeam "SC Eintracht Berlin e.V."]
[BlackTeam "SSV Rotation Berlin"]

1. c4 Nf6 2. Nc3 e6 3. g3 d5 4. cxd5 exd5 5. Bg2 c6 6. e3 Bd6 7. d4 O-O 8. Nge2
Bf5 9. O-O Re8 10. a3 Nbd7 11. Re1 Qc7 12. Bd2 Re7 13. Rc1 a6 14. Nxd5 Nxd5 15.
Bxd5 Qb6 16. Bb3 Bg4 17. Qc2 Nf6 18. Bc4 Rae8 19. Bd3 h5 20. b4 Qc7 21. Bf5
Bxf5 22. Qxf5 h4 23. Kg2 Ne4 24. Rcd1 Re6 25. Qg4 hxg3 26. hxg3 Rg6 27. Qh4 Rh6
28. Qg4 Ree6 29. Nf4 Ref6 30. Rf1 Qe7 31. Bc1 Nc3 32. Rde1 Qe4+ 33. f3 Qc2+ 34.
Rf2 Rh2+ 35. Kxh2 Qxf2+ 36. Ng2 Rh6+ 37. Qh3 Bxg3+ 0-1

[Event "14. Lichtenberger Sommer"]
[Site "14. Lichtenberger Sommer"]
[Date "2015.08.20"]
[Round "6.103"]
[White "Mueller, Jörg René"]
[Black "Franke, Philipp"]
[Result "1-0"]
[WhiteElo "1489"]
[BlackElo "1206"]
[PlyCount "57"]
[EventDate "2015.??.??"]
[WhiteTeam "SC Zugzwang 95 (Berlin)"]
[BlackTeam "SC Weisse Dame (Berlin)"]

1. e4 c5 2. Nf3 d6 3. b3 Nc6 4. Bb2 Bg4 5. h3 Bh5 6. g4 Bg6 7. d3 e6 8. Qd2 Qe7
9. Na3 d5 10. exd5 exd5+ 11. Qe3 d4 12. Qxe7+ Ngxe7 13. O-O-O Nd5 14. Nc4 Be7
15. Re1 O-O 16. Bg2 Nf4 17. Rhg1 Rfe8 18. Kb1 Nxg2 19. Rxg2 Bf6 20. Rgg1 Re7
21. g5 Rxe1+ 22. Rxe1 Be7 23. Bc1 f6 24. h4 Bh5 25. Nfd2 fxg5 26. hxg5 Bxg5 27.
Ne4 Re8 28. Bxg5 h6 29. Nf6+ 1-0

[Event "14. Lichtenberger Sommer"]
[Site "14. Lichtenberger Sommer"]
[Date "2015.08.20"]
[Round "6.104"]
[White "Raasch, Hauke"]
[Black "Ouadi, Wahbi"]
[Result "0-1"]
[WhiteElo "1211"]
[BlackElo "1962"]
[PlyCount "58"]
[EventDate "2015.??.??"]
[WhiteTeam "SC Eintracht Berlin e.V."]
[BlackTeam "La Diagonale - Eybens"]

1. d4 Nf6 2. Nf3 e6 3. e3 g6 4. Bd3 Bg7 5. b3 O-O 6. Bb2 b6 7. Nbd2 Bb7 8. O-O
d6 9. Qe2 Nbd7 10. Rad1 Qe7 11. Rfe1 Rad8 12. e4 Nh5 13. Qe3 c5 14. Re2 h6 15.
c3 Kh7 16. e5 d5 17. g4 f5 18. exf6 Nhxf6 19. Qxe6 Qxe6 20. Rxe6 Ne4 21. Nxe4
dxe4 22. Bxe4 Bxe4 23. Rxe4 Rxf3 24. dxc5 Nf6 25. Rxd8 Nxe4 26. cxb6 axb6 27.
Kg2 Rxf2+ 28. Kg1 Rxb2 29. Rb8 Bxc3 0-1

[Event "14. Lichtenberger Sommer"]
[Site "14. Lichtenberger Sommer"]
[Date "2015.08.20"]
[Round "6.105"]
[White "Mildenberger, Hans"]
[Black "Allaart, Janne"]
[Result "1-0"]
[WhiteElo "1631"]
[BlackElo "1454"]
[PlyCount "79"]
[EventDate "2015.??.??"]
[WhiteTeam "SG BVG Helmholz 55 (FV Schach)"]
[BlackTeam "HMC Den Bosch"]

1. d4 d5 2. c4 e6 3. Nf3 Nf6 4. Nc3 Nbd7 5. e3 Be7 6. Bd3 O-O 7. O-O Re8 8. b3
b6 9. Qc2 h6 10. e4 dxe4 11. Nxe4 Bb7 12. Bb2 c5 13. dxc5 Nxc5 14. Nxc5 Bxc5
15. Ne5 Bd4 16. Rad1 Bxb2 17. Bh7+ Nxh7 18. Rxd8 Raxd8 19. Qxb2 Rd6 20. Qa3
Red8 21. Qxa7 Be4 22. Qxf7+ Kh8 23. Qf4 Bd3 24. Nf7+ Kg8 25. Nxd6 Bxf1 26. Kxf1
Ra8 27. Qf7+ Kh8 28. Ne8 Rxe8 29. Qxe8+ Nf8 30. Qxf8+ Kh7 31. h4 e5 32. Qf5+
Kg8 33. g4 e4 34. Ke2 e3 35. fxe3 Kh8 36. g5 hxg5 37. hxg5 b5 38. g6 Kg8 39.
Qf7+ Kh8 40. Qf8# 1-0

[Event "14. Lichtenberger Sommer"]
[Site "14. Lichtenberger Sommer"]
[Date "2015.08.20"]
[Round "6.106"]
[White "Wölfert, Jürgen"]
[Black "Lippianowski, Stefan"]
[Result "1-0"]
[WhiteElo "1776"]
[BlackElo "1152"]
[PlyCount "55"]
[EventDate "2015.??.??"]
[WhiteTeam "BSC Rehberge 1945 e.V."]
[BlackTeam "SV Mattnetz Berlin"]

1. e4 e5 2. Nf3 Nc6 3. Bc4 h6 4. c3 Nf6 5. d3 d5 6. exd5 Nxd5 7. h3 Be6 8. Bb3
Nf4 9. Bxf4 exf4 10. O-O g5 11. Bxe6 fxe6 12. Qb3 Kf7 13. Re1 Kg7 14. Qxe6 Bd6
15. Nbd2 Re8 16. Qb3 Na5 17. Qc2 h5 18. Ne4 g4 19. hxg4 hxg4 20. Nfg5 g3 21.
fxg3 fxg3 22. Rf1 Re7 23. Rf3 Nc6 24. d4 Qh8 25. Nxg3 Rae8 26. Raf1 Re3 27.
Rf7+ Kg8 28. Qg6+ 1-0

[Event "14. Lichtenberger Sommer"]
[Site "14. Lichtenberger Sommer"]
[Date "2015.08.20"]
[Round "6.107"]
[White "Völler, Lothar"]
[Black "Scholz, Felix"]
[Result "1-0"]
[WhiteElo "1789"]
[BlackElo "1100"]
[PlyCount "67"]
[EventDate "2015.??.??"]
[WhiteTeam "FS Dortmund"]
[BlackTeam "vereinslos"]

1. b3 e5 2. Bb2 Nc6 3. e3 Nf6 4. Bb5 Bd6 5. Ne2 a6 6. Bxc6 dxc6 7. O-O O-O 8.
f4 exf4 9. Nxf4 Re8 10. h3 Bf5 11. Nc3 Qe7 12. Nce2 Rad8 13. g4 Bg6 14. Nxg6
fxg6 15. Nf4 Bb4 16. Nd3 Ne4 17. Rf4 Bxd2 18. Rxe4 Qxe4 19. Qxd2 Qxe3+ 20. Qxe3
Rxe3 21. Kf2 Rxh3 22. Be5 Rd7 23. Bg3 g5 24. Re1 Rh6 25. Re8+ Kf7 26. Rb8 Rf6+
27. Kg2 Re7 28. Rxb7 Re2+ 29. Kg1 Rxc2 30. Rxc7+ Ke6 31. Nb4 Rc3 32. Rxc6+ Rxc6
33. Nxc6 Rf3 34. Nd4+ 1-0

[Event "14. Lichtenberger Sommer"]
[Site "14. Lichtenberger Sommer"]
[Date "2015.08.20"]
[Round "6.108"]
[White "Reck, Jessica"]
[Black "Dittrich, Hans-Juergen"]
[Result "1-0"]
[WhiteElo "1655"]
[BlackElo "1401"]
[PlyCount "53"]
[EventDate "2015.??.??"]
[WhiteTeam "VfB Hermsdorf"]
[BlackTeam "vereinslos"]

1. d4 d5 2. Nf3 Nf6 3. g3 e6 4. Bg2 Be7 5. O-O O-O 6. c4 c5 7. cxd5 Nxd5 8. Nc3
Nxc3 9. bxc3 c4 10. Qa4 Qd5 11. Ne5 Qd8 12. Qxc4 Nd7 13. Nd3 Rb8 14. Bf4 Nb6
15. Qb3 Bd6 16. e4 Bxf4 17. Nxf4 Bd7 18. d5 Ba4 19. Qb4 Rc8 20. dxe6 Rc4 21.
exf7+ Rxf7 22. Qa5 Bc6 23. Rad1 Rd7 24. Rxd7 Qxd7 25. Qxa7 Nc8 26. Qe3 Bb5 27.
Bh3 1-0

[Event "14. Lichtenberger Sommer"]
[Site "14. Lichtenberger Sommer"]
[Date "2015.08.20"]
[Round "6.109"]
[White "Vural, Argun"]
[Black "Hamm, Oliver"]
[Result "1-0"]
[WhiteElo "1567"]
[BlackElo "1413"]
[PlyCount "47"]
[EventDate "2015.??.??"]
[WhiteTeam "SF Friedrichshagen"]
[BlackTeam "SC Eintracht Berlin e.V."]

1. d4 d5 2. Bg5 h6 3. Bh4 g5 4. Bg3 Nf6 5. f3 e6 6. Qd3 Bd6 7. Nc3 b6 8. O-O-O
Bb7 9. e4 Qd7 10. e5 Bxe5 11. Bxe5 Qe7 12. Nb5 Ba6 13. Bxf6 Qxf6 14. Nxc7+ Kf8
15. Nxa6 Nxa6 16. Qxa6 Kg7 17. Ne2 Rhc8 18. Nc3 Qf5 19. Kb1 Rc7 20. Bd3 Qf6 21.
Ne2 Rac8 22. c3 e5 23. Ng3 exd4 24. Nh5+ 1-0

[Event "14. Lichtenberger Sommer"]
[Site "14. Lichtenberger Sommer"]
[Date "2015.08.20"]
[Round "6.110"]
[White "Schreiber, Wilfried"]
[Black "Cravet, Alexandra"]
[Result "1-0"]
[WhiteElo "1481"]
[BlackElo "750"]
[PlyCount "49"]
[EventDate "2015.??.??"]
[WhiteTeam "SC Rochade (Berlin)"]
[BlackTeam "SC Friesen Lichtenberg"]

1. Nf3 d5 2. d4 Nc6 3. e3 Nf6 4. Bd3 e6 5. O-O Bd6 6. Re1 O-O 7. Nbd2 Nb4 8.
Bf1 Bd7 9. c3 Nc6 10. Bd3 Ne7 11. e4 Re8 12. e5 Ng4 13. exd6 cxd6 14. Ng5 Nf6
15. Qc2 g6 16. Ngf3 Rc8 17. Nf1 Qb6 18. Bg5 Ne4 19. Bh6 Qa5 20. Ng3 Ba4 21. Qc1
Nf6 22. Qf4 e5 23. Qxf6 Nf5 24. Nxf5 e4 25. Qg7# 1-0

[Event "14. Lichtenberger Sommer"]
[Site "14. Lichtenberger Sommer"]
[Date "2015.08.20"]
[Round "6.111"]
[White "Paris, Gerhard"]
[Black "Semenishchev, Vladimir"]
[Result "1-0"]
[WhiteElo "1530"]
[BlackElo "750"]
[PlyCount "141"]
[EventDate "2015.??.??"]
[WhiteTeam "TSG Oberschöneweide"]
[BlackTeam "SC Friesen Lichtenberg"]

1. e4 c5 2. Nc3 Nc6 3. g3 g6 4. Bg2 Bg7 5. d3 Nf6 6. Be3 b6 7. Qd2 O-O 8. Nge2
Ng4 9. h4 e5 10. h5 gxh5 11. Rxh5 Qf6 12. Rf5 Qe6 13. Nd5 Qd6 14. Bh3 Nh6 15.
Bxh6 Bxh6 16. Nf6+ Qxf6 17. Rxf6 Bxd2+ 18. Kxd2 d6 19. Bxc8 Raxc8 20. Rh1 Kg7
21. Rfh6 Rh8 22. g4 Nb4 23. a3 Nc6 24. Ng3 Ne7 25. Nf5+ Nxf5 26. exf5 f6 27. g5
fxg5 28. Rxd6 Rcf8 29. Rd7+ Kg8 30. Rxa7 Rxf5 31. Ke3 Rf6 32. Rh5 h6 33. f3 Rh7
34. Ra8+ Kf7 35. Ra7+ Kg6 36. Rxh7 Kxh5 37. Re7 Rf5 38. Ke4 Kg6 39. Re8 h5 40.
Rb8 h4 41. Rxb6+ Rf6 42. Rb8 Kg7 43. Ke3 h3 44. Rb7+ Kf8 45. Rh7 Rb6 46. b3 Ra6
47. a4 Rb6 48. Rxh3 Ke7 49. Rh5 Rg6 50. Ke4 Kf6 51. a5 g4 52. fxg4 Rxg4+ 53.
Kd5 Rd4+ 54. Kc6 Ke6 55. Rh6+ Kf5 56. a6 Kg5 57. Rd6 Rh4 58. a7 Rh8 59. Kc7 Ra8
60. Kb7 Rxa7+ 61. Kxa7 c4 62. bxc4 e4 63. dxe4 Kf4 64. Re6 Ke3 65. c5 Kd4 66.
c6 Kc3 67. c7 Kxc2 68. Rd6 Kc3 69. c8=Q+ Kb3 70. Rb6+ Ka3 71. Qa6# 1-0

[Event "14. Lichtenberger Sommer"]
[Site "14. Lichtenberger Sommer"]
[Date "2015.08.20"]
[Round "6.112"]
[White "Möller, Dirk"]
[Black "Toth, Hans-Jürgen"]
[Result "1-0"]
[WhiteElo "1571"]
[BlackElo "1571"]
[PlyCount "73"]
[EventDate "2015.??.??"]
[WhiteTeam "SC Kreuzberg"]
[BlackTeam "SF Zehdenick"]

1. e4 e6 2. d4 d5 3. Nc3 Bb4 4. a3 Bxc3+ 5. bxc3 Ne7 6. e5 O-O 7. Nf3 b6 8. Bd3
Ba6 9. Bxh7+ Kh8 10. Ng5 g6 11. Qf3 Nf5 12. Qh3 Kg7 13. g4 Nh6 14. Nxe6+ fxe6
15. Qxh6+ Kf7 16. Bxg6+ Ke7 17. Bg5+ Kd7 18. Bxd8 Rxd8 19. Bf7 Kc8 20. Bxe6+
Nd7 21. Bxd5 Bb7 22. Bxb7+ Kxb7 23. e6 Re8 24. O-O Rh8 25. Qf4 Raf8 26. Qe4+
Kc8 27. exd7+ Kxd7 28. Rae1 Re8 29. Qf5+ Kd8 30. Qf6+ Kc8 31. Rxe8+ Rxe8 32.
Qc6 Kd8 33. Qa8+ Kd7 34. Qxa7 Re4 35. Qa4+ c6 36. Qa7+ Kd6 37. Qb8+ 1-0

[Event "14. Lichtenberger Sommer"]
[Site "14. Lichtenberger Sommer"]
[Date "2015.08.20"]
[Round "6.114"]
[White "Sauer, Jakob"]
[Black "Lange, Johannes Friedrich"]
[Result "0-1"]
[WhiteElo "1404"]
[BlackElo "1506"]
[PlyCount "58"]
[EventDate "2015.??.??"]
[WhiteTeam "Schachunion Berlin"]
[BlackTeam "Schachunion Berlin"]

1. e4 e5 2. Nf3 Nc6 3. Bc4 Bc5 4. c3 Nf6 5. d3 h6 6. b4 Bb6 7. O-O O-O 8. a4 a6
9. Nbd2 d6 10. Qb3 Ne7 11. Ba3 Ng6 12. Rab1 Ba7 13. a5 c6 14. Qa2 d5 15. exd5
cxd5 16. Bb3 b5 17. axb6 Bxb6 18. Rbe1 Re8 19. h3 Bf5 20. Bc2 Bd7 21. Bb3 Bc6
22. c4 Qd7 23. Bb2 Bc7 24. Qa1 d4 25. Qa2 Nf4 26. Bc2 Nxh3+ 27. Kh1 Nf4 28. Qb3
Qg4 29. Rg1 Qh5+ 0-1

[Event "14. Lichtenberger Sommer"]
[Site "14. Lichtenberger Sommer"]
[Date "2015.08.20"]
[Round "6.116"]
[White "Gnaß, Erhard"]
[Black "Kriuckova, Sonia"]
[Result "1-0"]
[WhiteElo "1510"]
[BlackElo "1256"]
[PlyCount "77"]
[EventDate "2015.??.??"]
[WhiteTeam "SK Zehlendorf"]
[BlackTeam "SV Empor Berlin"]

1. Nf3 Nf6 2. d4 g6 3. g3 Bg7 4. Bg2 O-O 5. O-O d6 6. c3 Nbd7 7. h3 c5 8. d5 a6
9. Kh2 b5 10. Re1 Bb7 11. e4 Qe8 12. Nbd2 e6 13. dxe6 Qxe6 14. Qc2 Rfe8 15. Ng1
d5 16. f3 Re7 17. b3 Rae8 18. Bb2 c4 19. Ba3 Nc5 20. Bxc5 Rc7 21. Bd4 Bc8 22.
b4 Qd6 23. e5 Qc6 24. exf6 Bh6 25. Rxe8+ Qxe8 26. Qd1 Rc6 27. f4 g5 28. fxg5
Bxg5 29. Ndf3 Bxf6 30. Bxf6 Rxf6 31. Qd4 Rh6 32. Qe5 Qf8 33. Re1 Be6 34. Nd4
Bd7 35. Qe7 Qxe7 36. Rxe7 Be6 37. Nxe6 fxe6 38. Nf3 Kf8 39. Ra7 1-0